000
00335nam a22001457a 4500
008
210531b ||||| |||| 00| 0 eng d
020
_a
0721634249
041
_a
eng
080
_a
591
082
_a
591
100
_a
7
101
_a
ZOO
245
_a
Textbook of Veterinary Internal Medicine
_c
Stephen J. Ettinger
942
_2
udc
_c
BK
999
_c
57831
_d
57831